000 00654nam a2200229Ia 4500
003 OSt
005 20220923222248.0
006 a|||||r|||| 00| 0
007 ta
008 220922b |||||||| |||| 00| 0 hin d
024 _a204,095
037 _cTextual
040 _aARTS
_cARTS
_bhin
041 _2hin
_ahin
082 _aO154:3M92:24, 152J8;1
100 _aधूमकेतु; परदेशी, अनु.
245 0 _aमगधपति
246 _aMagadhapati
260 _c1958
942 _hO154:3M92:24, 152J8;1
_cTEXL
_2CC
999 _c354844
_d354844